General Literature Quiz - Statistics

General Stats
  • This quiz has been taken 317 times
  • The average score is 22 of 40
Answer Stats
Question Answer % Correct
What is Oliver's last name? Twist
100%
Protagonist in 'The Hunger Games' Katniss Everdeen
98%
Severus ____ Snape
97%
Who went on an adventure to Wonderland? Alice
95%
Fahrenheit ___ 451
94%
"It was the best of times, it was the worst of times..." A Tale of Two Cities
92%
Which classic novel features Meg, Amy, Beth, and Jo Little Women
91%
Who wrote 'David Copperfield'? Charles Dickens
89%
"It was a bright cold day in April and ________" The clocks were striking thirteen
76%
"13 men on a dead man's chest. Yo ho ho, and a bottle of rum!" Treasure Island
74%
Character who finds an insane woman in her fiance's attic Jane Eyre
73%
Who killed Achilles? Paris
71%
Which children's book series features a boy who's father is Poseidon? Percy Jackson
68%
The answer to life, the universe, and everything is? 42
67%
Who was responsible for the murder on the orient express? Everyone
65%
Who's party was the result of extreme thought and trial? Mrs Dalloway
62%
Who famously collected an archive of verbal fairytales? The Brothers Grimm
59%
Which Stephen King novel features an author who was saved from an auto wreck by a psychotic fan? Misery
56%
What did the Ghost of Christmas Future vaguely resemble? Death
55%
How many daughters does 'King Lear' have? 3
53%
Who is 'the Shrew' in 'Taming of the Shrew'? Katherine
53%
Considered the oldest piece of literature The Epic of Gilgamesh
52%
Which John Green novel features a maths obsessed teenager who has dated 17 women of the same name? An Abundance of Katherines
47%
Name one character who lived in Slaughterhouse Five Billy Pilgrim
45%
How many circles of hell are in Dante's 'Inferno'? 9
44%
Which patriarch dies after years of being tied to a chestnut tree? José Arcadio
42%
Who is the protagonist in 'The Alchemist'? Santiago
41%
According to Douglas Adams, what is widely regarded as 'a bad move'? The creation of the universe
38%
Which 20th century novel begins with the story of Narcissus, a lake, and a mysterious character? The Alchemist
32%
Who wrote 'One day in the life of Ivan Denisovich'? Aleksandr Solzhenitsyn
30%
What is the family name of the founder of Macondo? Buendia
30%
Who are the two immortal protagonists from 'Good Omens'? Aziraphale and Crowley
29%
Which debut novel focused on the final months of Icelander, Agnes Magnusdottir, and the people she lives with? Burial Rites
26%
2001 post-apocalyptic novel featuring a historian and a wild, scar-faced women Mortal Engines
26%
Which award winning novel features a teenage boy who interacts with a humanoid yew tree, and struggles to accept the imminent mortality of his mother? A Monster Calls
24%
Who was the wild companion of King Gilgamesh? Enkidu
18%
Which of the following is NOT a circle of hell? Jealousy
18%
Which is the sequel to the above novel? Predator's Gold
18%
Little girl who discovers life of the nutcracker in Alexandre Dumas' edition Mary
12%
Which American horror short story features the relationship between the protagonist and a man he does not realise is actually dead? Cool Air
6%
No matching quizzes found
Score Distribution
Percent of People with Each Score
Percentile by Number Answered
Your Score History
You have not taken this quiz